00282nam a2200121Ia 4500008004100000041000900041082001500050100001600065245002900081260003500110300000700145650000800152230718s9999 xx 000 0 und d aEng. a920bISM-L aIsmail S. M 0aLife Story of Malik Musi aPakistanbLaw book have c2005 a82 aLaw